[Event "CHN-chW 2019"]
[Site "Xinghua"]
[Date "2019.05.12"]
[Round "2.10"]
[White "Qiu, Mengjie"]
[Black "Zhu, Jiner"]
[Result "0-1"]
[WhiteElo "2219"]
[BlackElo "2439"]
[Annotator "TA"]
[PlyCount "60"]
[EventDate "2019.05.11"]
[EventType "tourn"]
[EventCountry "CHN"]
[SourceTitle "playchess.com"]
[Source "ChessBase"]
[SourceQuality "1"]

{[%evp 9,172,23,18,18,29,18,85,-3,-7,0,2,-15,20,16,27,5,25,12,26,6,14,-8,2,0,0,0,0,-214,-236,-281,-257,-264,-241,-236,-109,-118,-122,-113,-104,-101,-103,-218,-212,-299,-293,-443,-354,-392,-372,-381,-298,-291,-289,-283,-273,-241,-154,-149,-163,-154,-146,-138,0,-83,-48,-35,0,-64,14,10,31,31,160,39,47,0,0,0,0,0,0,0,0,0,0,0,0,-217,-148,-293,-277,-509,-508,-585,-582,-585,-546,-578,-574,-558,-549,-367,-277,-277,-270,-551,-585,-579,-570,-571,-570,-564,-560,-675,-502,-477,-354,-566,-537,-1053,-1096,-1094,-1086,-1214,-1112,-1189,-1296,-5501,-4922,-29976,-29977,-29977,-29978,-29982,-29970,-29980,-29981,-29981,-29974,-29983,-29982,-29987,-29986,-29989,-29984,-29984,-29985,-29987,-29985,-29985,-29986,-29987,-29988,-29988,-29989,-29990,-29990,-29990,-29991,-29992,-29990,-29992,-29992,-29992,-29988]} 1. e4 c5 2. Nf3 d6 3. Bb5+ Nd7 4. O-O a6 5. Bd3 Ngf6 6. Re1 {B51: Sicilian: Moscow Variation (3 Bb5+) without 3...Bd7} (6. c3 b5 7. a4 c4 8. Be2 Bb7 9. axb5 axb5 10. Rxa8 Bxa8 11. Na3 Bxe4 12. Nxb5 d5 {½-½ (65) Harikrishna,P (2723)-Giri,A (2797) Shenzhen 2019}) 6... b5 7. c4 g5 (7... Rb8 $11 {remains equal.}) 8. e5 ({White should try} 8. Nxg5 $16 Ne5 9. Be2) 8... Nxe5 9. Nxe5 dxe5 10. Bf1 e4 $146 ({Predecessor:} 10... b4 11. d3 g4 12. a3 e6 13. axb4 cxb4 {0-1 (44) Bartel,M (2622)-Bocharov,D (2560) Berlin 2015}) 11. cxb5 Bg7 12. d3 h6 13. Nc3 exd3 14. Bxd3 O-O 15. bxa6 Qc7 16. Qf3 Bxa6 17. Bxa6 Rxa6 18. b3 $2 {[#]} (18. h4 $11 {and White is okay.}) 18... Ng4 $1 $19 {[%mdl 512]} 19. g3 (19. Qxg4 Bxc3) 19... Ne5 20. Qe4 f5 21. Qg2 Qc6 (21... Qd7 $19 22. Bb2 Nd3 {[%mdl 64] Double Attack}) 22. Nd5 $17 Ng6 $36 {[%mdl 2048] Black is in control.} 23. Rb1 e6 ({But not} 23... Rxa2 $6 24. Nxe7+ Nxe7 25. Rxe7 $15) 24. Ne3 Qxg2+ 25. Nxg2 (25. Kxg2 $17 Rxa2 26. Nc4) 25... Ne5 $19 26. Kh1 (26. Re2 {keeps fighting.}) 26... Rxa2 27. f4 (27. Rf1 $142) 27... Ng4 28. Rxe6 Rd8 29. Be3 Kf7 30. Rc6 {[#]} Bd4 {Played: Ra2xg2} 0-1

[Event "CHN-chW 2019"]
[Site "Xinghua"]
[Date "2019.05.12"]
[Round "2.11"]
[White "Ning, Kaiyu"]
[Black "Shen, Yang"]
[Result "1-0"]
[WhiteElo "2256"]
[BlackElo "2449"]
[Annotator "TA"]
[PlyCount "75"]
[EventDate "2019.05.11"]
[EventType "tourn"]
[EventCountry "CHN"]
[SourceTitle "playchess.com"]
[Source "ChessBase"]
[SourceQuality "1"]

{[%evp 20,75,14,13,16,16,22,22,17,-4,0,-118,-112,-109,-106,-92,-53,-49,-58,-46,-52,-57,-67,-76,-62,-94,11,11,11,12,114,0,8,8,12,3,8,12,118,114,148,139,141,141,140,141,395,373,376,355,461,418,466,461,635,595,491,152]} 1. d4 d5 2. c4 c6 3. Nf3 Nf6 4. Qc2 g6 5. Bf4 Bg7 6. e3 Bf5 7. Qb3 Qb6 8. Nc3 O-O 9. c5 Qxb3 10. axb3 Nbd7 11. h3 h6 {D93: Grünfeld: 4 Nf3 Bg7 5 Bf4 0-0 6 e3} 12. b4 g5 (12... a6 13. Rg1 g5 14. Bh2 Rfe8 15. g4 Bh7 16. Be2 Ne4 17. h4 e5 18. dxe5 Nxe5 19. Nxe5 Bxe5 20. Bxe5 Rxe5 21. hxg5 hxg5 22. Rh1 Rae8 23. Bf3 {½-½ (23) Bogosavljevic,B (2561)-Pikula,D (2537) Kragujevac 2011}) 13. Bh2 a6 {The position is equal.} 14. Ne5 Nxe5 15. dxe5 $146 (15. Bxe5 $11 Nd7 16. Bxg7 Kxg7 17. Kd2) ({Predecessor:} 15. Bxe5 Ne4 16. Bxg7 Kxg7 17. Nxe4 Bxe4 {½-½ (17) Leutwyler,M (2157)-Ketterer,C (2271) Germany 2005}) 15... Nd7 $1 $17 16. f4 gxf4 17. exf4 a5 18. Rxa5 Rxa5 19. bxa5 Nxc5 20. g4 Bc2 21. b4 Nb3 $1 22. Bg2 f6 {[#]} ({Better is} 22... Rc8 $17 23. Bg1 e6) 23. Nxd5 $1 $11 {[%mdl 512] Threatens to win with a6.} fxe5 (23... cxd5 24. Bxd5+) 24. fxe5 e6 {[#]} (24... cxd5 $11 25. Bxd5+ {[%mdl 64] Double Attack} e6 $1 {[%mdl 512]} 26. Bxb7 Nd4) 25. Nc3 (25. Nf6+ $1 $16 {[%mdl 512]} Kh8 (25... Bxf6 26. exf6) 26. O-O) 25... Rf7 26. Ne4 Bxe4 27. Bxe4 Bf8 28. Ke2 Bxb4 (28... Rd7 $11 {keeps the balance.}) 29. Rb1 $16 Nd4+ 30. Kd3 c5 {[#]} 31. Rxb4 $1 {[%mdl 512]} cxb4 32. Kxd4 {Strongly threatening Kc4.} Rc7 $2 {[%mdl 8192]} (32... Rf2 $16) 33. Bf4 $18 b3 {[#] intending ...b2.} 34. Bd2 $1 Kg7 35. Bc3 Kf8 36. Bd3 {White is clearly winning.} Kg7 37. Bc4 Rd7+ 38. Ke4 $2 {Accuracy: White = 70%, Black = 30%.} (38. Kc5 $18 {and the rest is easy.}) 1-0

[Event "CHN-chW 2019"]
[Site "Xinghua"]
[Date "2019.05.12"]
[Round "2.12"]
[White "Zhang, Lanlin"]
[Black "Huang, Qian"]
[Result "0-1"]
[WhiteElo "2181"]
[BlackElo "2440"]
[Annotator "TA"]
[PlyCount "62"]
[EventDate "2019.05.11"]
[EventType "tourn"]
[EventCountry "CHN"]
[SourceTitle "playchess.com"]
[Source "ChessBase"]
[SourceQuality "1"]

{[%evp 18,62,22,0,60,42,84,54,72,4,0,-14,-25,-64,-65,-144,-144,-141,-132,-120,-86,-229,-224,-402,-266,-428,-420,-487,-429,-419,-375,-518,-509,-490,-526,-525,-510,-693,-665,-714,-677,-815,-813,-797,-792,-731,-691]} 1. e4 g6 2. d4 Bg7 3. Nc3 d6 4. Be3 a6 5. Qd2 b5 6. f3 Bb7 7. h4 h5 8. Nh3 Nd7 9. Ng5 Ngf6 10. O-O-O e5 {B06: Modern Defence} (10... O-O $11) (10... e6 11. Kb1 Qe7 12. Ne2 Rd8 13. g3 c6 14. Bh3 e5 15. Qa5 exd4 16. Bxd4 c5 17. Qc7 Ne5 18. Qxd8+ Qxd8 19. Bxe5 {0-1 (30) Brkic,A (2590)-Sjugirov,S (2652) Batumi 2018}) 11. d5 Rc8 12. Be2 $146 ({Predecessor:} 12. Kb1 Nb6 13. Qf2 b4 14. Ne2 Nc4 15. Nc1 Nxe3 16. Qxe3 Bh6 17. g3 c5 18. Bh3 {0-1 (34) Mokry,K (2535)-Pastircak,M (2385) Czechoslovakia 1992}) 12... c6 {White is slightly better.} 13. Kb1 (13. dxc6 $16 Rxc6 14. a4 bxa4 15. Nxa4) 13... cxd5 $11 14. exd5 Nb6 $1 15. f4 exf4 16. Bxf4 (16. Bd4 $15) 16... O-O $17 17. Rhf1 Nfxd5 18. Nxd5 Bxd5 19. Qb4 (19. Be3 $17 Bxg2 20. Rf2) 19... Re8 $19 ({Resist} 19... Bxg2 20. Rf2 $17) 20. Rf2 $2 (20. Bf3 Bxf3 21. Nxf3) 20... Qc7 21. Bf3 $2 (21. Bd3) 21... Bxf3 22. gxf3 Nc4 23. Bc1 {[#]} d5 $1 {[%mdl 512]} 24. f4 (24. Rxd5 a5) 24... Qb6 {Black is clearly winning.} 25. Rg2 a5 {[%cal Ba6a5,Ba5a4,Ba4a3][%mdl 32]} 26. Qb3 {If only White now had time for f5....} a4 27. Qd3 Qf6 {[%cal Rc4b2]} 28. c3 {[#]} a3 $1 {[%mdl 512]} 29. b3 {[#] intending Nxf7.} (29. bxa3 Re3) 29... Ne3 $1 {[%mdl 512]} 30. Bxe3 Rxc3 31. Qxd5 Rcxe3 {Accuracy: White = 28%, Black = 75%.} 0-1

[Event "CHN-chW 2019"]
[Site "Xinghua"]
[Date "2019.05.13"]
[Round "3.7"]
[White "Huang, Qian"]
[Black "Guo, Qi"]
[Result "1-0"]
[WhiteElo "2440"]
[BlackElo "2361"]
[Annotator "TA"]
[PlyCount "141"]
[EventDate "2019.05.11"]
[EventType "tourn"]
[EventCountry "CHN"]
[SourceTitle "playchess.com"]
[Source "ChessBase"]
[SourceQuality "1"]

{[%evp 16,141,15,13,16,23,0,16,20,21,36,31,54,50,104,89,93,93,99,95,87,87,117,114,105,116,119,112,227,201,192,167,173,174,174,170,168,170,160,179,170,169,167,147,192,183,186,191,189,194,199,195,230,225,246,248,340,322,342,339,336,291,377,377,399,397,388,363,356,347,350,331,397,395,382,362,376,386,433,439,472,475,465,415,422,415,480,459,891,341,337,337,302,312,266,257,396,170,505,492,1112,995,1917,1501,1221,1110,1125,929,6118,5928,5612,2173,6116,6026,5724,12819,29979,29980,29980,29981,29981,29982,29982,29979,29979,29980,29980,29981]} 1. Nf3 d5 2. g3 c5 3. Bg2 Nc6 4. O-O e5 5. d3 Nf6 6. e4 dxe4 7. dxe4 Qxd1 8. Rxd1 Bg4 9. c3 Nxe4 {A08: King's Indian Attack} 10. Re1 O-O-O 11. Na3 Nf6 {The position is equal.} 12. Nc4 Bxf3 (12... Be6 13. Nfxe5 Nxe5 14. Nxe5 Bd6 15. f4 Rhe8 16. Be3 Ng4 17. Nxg4 Bxg4 {½-½ (30) Skoberne,J (2555)-Predojevic,B (2640) Austria 2017}) 13. Bxf3 e4 $146 ({Predecessor:} 13... Nd7 14. a4 Kc7 15. a5 f6 16. Be3 Be7 17. a6 {1-0 (53) Poleschi,R-Conde Poderoso,J Eclipse email 2000}) 14. Bg2 {[%mdl 1024] White has compensation.} h6 {[#]} ({Black should try} 14... b6 $14) 15. Bh3+ $1 $16 Kb8 16. Bf4+ Ka8 17. a4 Nd5 18. Rxe4 Nxf4 19. Rxf4 f6 20. Bg2 Bd6 21. Rg4 Rhg8 (21... g5 $16) 22. Bxc6 bxc6 23. Re4 Kb7 24. Re6 Bc7 25. Re7 Kc8 26. Rae1 Rd7 27. Kg2 Rgd8 28. Kf3 h5 29. h3 Rf8 30. Re8+ Rxe8 31. Rxe8+ $18 {[%mdl 4096] Endgame KRB-KRN} Rd8 32. Re7 Rd7 33. Re6 Kb7 34. Re8 f5 35. h4 Rd3+ 36. Ke2 Rd7 37. f4 Rf7 38. Ke3 Rd7 39. Rf8 g6 40. Rf6 Re7+ 41. Kd3 Rd7+ 42. Kc2 Rg7 43. Re6 Rg8 44. Kd3 Rg7 45. Ke2 Rg8 46. Kf3 Rg7 47. Ne5 Bxe5 48. fxe5 {KR-KR} g5 49. hxg5 Rxg5 50. Rf6 a5 51. Rf7+ Kc8 (51... Kb6 $142 52. e6 Rg4 53. Rxf5 Kc7) 52. Rh7 $2 (52. e6 {Intending Rf8+ and mate.} Kd8 53. Ra7) 52... Rg4 53. e6 {[#] Hoping for Rh8+.} ({Weaker is} 53. Rxh5 Rxa4 54. Rxf5 Ra2 $18) 53... Kd8 54. Rxh5 Rxa4 55. Rxf5 Ra2 (55... Ke7 $142 56. Rxc5 Ra2) 56. Rxc5 (56. Rf7 $142) 56... a4 $2 (56... Ke7 {is more resistant.} 57. b4 axb4 58. cxb4 Ra6) 57. Rxc6 Rxb2 (57... Ke7 $142 58. Rb6 Ra1) 58. Ra6 Ra2 59. Ra7 Ra1 60. Kg4 a3 61. Kg5 a2 62. g4 Ke8 63. c4 (63. Kg6 $142 Re1 64. Ra8+ Ke7 65. Rxa2) 63... Kd8 64. c5 Ke8 65. c6 Kd8 66. c7+ {White mates.} Kc8 67. e7 {[%cal Re7e8]} Re1 68. Rxa2 Rxe7 69. Rc2 Re8 70. Kf6 Rf8+ 71. Kg7 {Accuracy: White = 83%, Black = 41%.} 1-0

[Event "CHN-chW 2019"]
[Site "Xinghua"]
[Date "2019.05.13"]
[Round "3.8"]
[White "Shen, Yang"]
[Black "Zhang, Lanlin"]
[Result "1/2-1/2"]
[WhiteElo "2449"]
[BlackElo "2181"]
[Annotator "TA"]
[PlyCount "65"]
[EventDate "2019.05.11"]
[EventType "tourn"]
[EventCountry "CHN"]
[SourceTitle "playchess.com"]
[Source "ChessBase"]
[SourceQuality "1"]

{[%evp 19,65,15,30,22,61,33,30,33,31,34,34,27,37,37,34,0,10,0,1,2,64,65,75,75,95,106,232,239,227,230,753,752,739,720,794,760,1147,1147,1173,1173,1145,0,0,0,0,0,0,0]} 1. d4 d5 2. Nf3 Nf6 3. c4 e6 4. Bg5 (4. Nc3 Bb4 5. Bg5 h6 6. Bxf6 Qxf6 7. e3 O-O 8. Rc1 {½-½ (10) Jarmula,L (2512)-Movsesian,S (2635) Pardubice 2018}) 4... h6 5. Bxf6 Qxf6 6. Nc3 c6 7. e3 Bb4 8. Rc1 O-O 9. a3 Bxc3+ 10. Rxc3 Nd7 11. cxd5 {D38: Queen's Gambit Declined: Ragozin Defence (4 Nf3 Bb4)} cxd5 12. Bd3 $146 ({Predecessor:} 12. Be2 a6 13. O-O Nb6 14. Qb3 Nd7 15. Rfc1 b5 16. Rc7 Rb8 17. Qc3 {1-0 (17) Hesselberg,L (1948)-Pope,P (1621) ICCF email 2014}) 12... e5 13. dxe5 {White has an edge.} Nxe5 14. Nd4 Nc6 15. Nxc6 bxc6 16. O-O Bd7 17. Qc2 Rfb8 18. Rb1 a5 19. b3 d4 (19... Rb6 $11) 20. exd4 $1 $14 Qxd4 21. Rd1 Re8 22. h3 {And now Bh7+ would win.} Qf4 {[#]} (22... Qa7 $16) 23. Bh7+ $1 $18 {[%mdl 64] Discovered Attack} Kh8 {Black wants to play ...g6.} 24. Rf3 Qg5 $2 (24... Qb8 25. Rxf7 Be6 26. Rxg7 (26. Rf3 Bd5 $16) 26... Bxb3) 25. Rxd7 Re1+ 26. Kh2 Qe5+ 27. g3 Qa1 28. Rfxf7 Rh1+ 29. Kg2 Re8 30. Qf5 $2 (30. Kf3 $18 Rc1 31. Qf5 Qc3+ 32. Kg2) 30... Qf1+ $11 {The position is equal.} 31. Kf3 Qe2+ 32. Kg2 {[#] Rf8+ would kill now.} Qf1+ 33. Kf3 {Accuracy: White = 71%, Black = 26%.} 1/2-1/2

[Event "CHN-chW 2019"]
[Site "Xinghua"]
[Date "2019.05.13"]
[Round "3.9"]
[White "Zhu, Jiner"]
[Black "Ning, Kaiyu"]
[Result "0-1"]
[WhiteElo "2439"]
[BlackElo "2256"]
[Annotator "TA"]
[PlyCount "76"]
[EventDate "2019.05.11"]
[EventType "tourn"]
[EventCountry "CHN"]
[SourceTitle "playchess.com"]
[Source "ChessBase"]
[SourceQuality "1"]

{[%evp 28,84,27,34,93,103,89,95,89,52,55,51,72,32,37,33,29,0,15,17,14,-8,-8,-18,-29,-42,-29,-35,0,-20,-25,-25,0,0,0,-27,0,-592,-578,-788,-781,-768,-765,-761,-746,-724,-724,-687,-693,-5720,-5720,-5692,-5692,-5713,-5692,-5616,-5607,-5591,-5452]} 1. e4 e6 2. d4 d5 3. Nc3 Bb4 4. e5 c5 5. a3 Bxc3+ 6. bxc3 Qc7 7. Qg4 Ne7 8. Qxg7 Rg8 9. Qxh7 cxd4 10. Ne2 Nbc6 11. f4 dxc3 12. Qd3 d4 13. Nxd4 Nxd4 14. Qxd4 Bd7 15. Rg1 Qa5 {C18: French: 3 Nc3 Bb4: Main line: 7 h4 and 7 Qg4} (15... Nf5 $14 16. Qf2 Qc6) (15... Nf5 16. Qf2 Qc6 17. g4 Qe4+ 18. Qe2 Qd5 19. Bg2 Qc5 20. Qf2 Nd4 21. Be4 O-O-O 22. Be3 Bc6 23. Bd3 {½-½ (37) Vachier Lagrave,M (2775)-Radjabov,T (2731) Tbilisi 2015}) 16. Qb4 $16 Qxb4 $146 ({Predecessor:} 16... Qc7 17. Be3 Nd5 18. Qc5 Qxc5 19. Bxc5 Nxf4 20. O-O-O b6 21. Bf2 Bc6 22. Rd6 Bxg2 23. Rd4 Rg4 24. Rxg2 Ne2+ 25. Kd1 Rxg2 26. Bxg2 Nxd4 27. Bxa8 {1-0 (27) Polyansky,V (1987)-Voischeva,Z Voronezh 2011}) 17. axb4 Nc6 {White is better.} 18. Ra3 Nxb4 19. Rxc3 a5 20. Ba3 Nd5 21. Rb3 Bc6 22. Bb5 Nxf4 23. Bxc6+ bxc6 24. Rb7 O-O-O 25. Ra7 Nxg2+ 26. Kf2 {[#] Threatens to win with Bd6.} Rd2+ 27. Kf3 {aiming for Ra8+.} Rg5 28. Ra8+ Kb7 29. Rxa5 {Black must now prevent Rb1+.} Rf5+ (29... Rxc2 30. Rb1+ Rb2 31. Rxb2+ Kc8 32. Ra8+ Kc7 33. Bd6+ Kd7 34. Rb7#) 30. Kg3 {Rb1+ is the strong threat.} Rg5+ ({Weaker is} 30... Rxc2 31. Rb1+ Rb2 32. Rxb2+ Kc7 33. Bd6+ Kd8 34. Ra8+ Kd7 35. Rb7#) 31. Kf3 {And now Rb1+ would win.} Rf5+ ({Not} 31... Rxc2 32. Rb1+ Rb2 33. Rxb2+ Kc8 34. Ra8+ Kc7 35. Bd6+ Kd7 36. Rb7#) 32. Kg4 $2 {[%mdl 8192]} (32. Kg3 $11 Rg5+ 33. Kf3) 32... Ne3+ $19 {[%mdl 64] [#] Double Attack, Discovered Attack. Black is clearly winning.} 33. Kh4 {Hoping for Rb1+.} Rd4+ 34. Kh3 Rh5+ 35. Kg3 Rg4+ 36. Kf2 Rxh2+ 37. Kxe3 Rxg1 {KRR-KRB} 38. c4 Kb6 {Played: Rh2-a2} 0-1

[Event "CHN-chW 2019"]
[Site "Xinghua"]
[Date "2019.05.13"]
[Round "3.10"]
[White "Ren, Xiaoyi"]
[Black "Qiu, Mengjie"]
[Result "1/2-1/2"]
[WhiteElo "2261"]
[BlackElo "2219"]
[Annotator "TA"]
[PlyCount "69"]
[EventDate "2019.05.11"]
[EventType "tourn"]
[EventCountry "CHN"]
[SourceTitle "playchess.com"]
[Source "ChessBase"]
[SourceQuality "1"]

{[%evp 22,69,12,0,0,-18,-12,-9,-13,-16,-10,-10,-12,-12,-9,-10,-15,-9,-10,-13,-14,-18,-12,-14,-13,-12,-9,-10,-5,-8,-8,-8,-8,-8,-8,-8,-8,-8,-11,-47,-16,-8,-17,-11,-4,-8,0,0,0,0]} 1. d4 d5 2. c4 dxc4 3. e3 Nf6 4. Bxc4 e6 5. Nf3 c5 6. O-O a6 7. a4 Nc6 8. Qe2 cxd4 9. Rd1 Be7 10. exd4 O-O 11. Nc3 {[%cal Bb1c3,Bc3e4,Be4g5][%mdl 32]} Nd5 12. Ne4 b6 {D27: Queen's Gambit Accepted: Classical main line: 7 e4!? and 7 a4} 13. Bg5 Bxg5 14. Nexg5 h6 15. Ne4 Bb7 {[#]} 16. Bxd5 $146 ({Predecessor:} 16. Rac1 Nce7 {½-½ (17) Hracek,Z (2600)-Pinter,J (2562) Medulin 2002}) 16... Qxd5 17. Nc3 Qf5 18. d5 Nb4 {[%cal Rb4d5]} 19. dxe6 Bxf3 $1 20. exf7+ Rxf7 21. Qxf3 Qxf3 22. gxf3 Rxf3 23. Rd2 Raf8 24. Re1 Rd3 25. Red1 Rfd8 26. Rxd3 Rxd3 $11 {[%mdl 4096] Endgame KRN-KRN} 27. Kf1 Kf7 28. Ke2 Rxd1 29. Nxd1 {KN-KN} Ke6 30. Ke3 Ke5 31. f4+ {The position is equal.} Kf5 32. h3 Nd5+ 33. Kf3 Nxf4 34. Ne3+ Ke5 {Strongly threatening ...Nd3.} 35. Ng4+ {Accuracy: White = 76%, Black = 68%.} 1/2-1/2

[Event "CHN-chW 2019"]
[Site "Xinghua"]
[Date "2019.05.13"]
[Round "3.11"]
[White "Xiao, Yiyi"]
[Black "Ni, Shiqun"]
[Result "1-0"]
[WhiteElo "2290"]
[BlackElo "2439"]
[Annotator "ChessBase"]
[PlyCount "73"]
[EventDate "2019.05.11"]
[EventType "tourn"]
[EventCountry "CHN"]
[SourceTitle "playchess.com"]
[Source "ChessBase"]
[SourceQuality "1"]
[TimeControl "5400+30"]

1. Nf3 {[%emt 0:00:09]} d5 {[%emt 0:00:00]} 2. d4 {[%emt 0:00:12]} Nf6 {[%emt 0:00:00]} 3. c4 {[%emt 0:00:42]} c6 {[%emt 0:00:00]} 4. Nc3 {[%emt 0:00:44]} e6 {[%emt 0:00:53]} 5. e3 {[%emt 0:00:58]} Nbd7 {[%emt 0:00:04]} 6. Qc2 {[%emt 0:00:14]} Bd6 {[%emt 0:00:08]} 7. Be2 {[%emt 0:00:15]} O-O {[%emt 0:00:19]} 8. O-O {[%emt 0:00:06]} dxc4 {[%emt 0:00:13]} 9. Bxc4 {[%emt 0:00:13]} b5 {[%emt 0:00:02]} 10. Be2 {[%emt 0:00:07]} Bb7 {[%emt 0:00:15]} 11. Rd1 {[%emt 0:04:03]} Qc7 {[%emt 0:00:12]} 12. e4 {[%emt 0:00:47]} e5 {[%emt 0:00:02]} 13. Bg5 {[%emt 0:00:47]} exd4 {[%emt 0:04:42]} 14. Rxd4 {[%emt 0:00:08]} Ne5 {[%emt 0:00:04]} 15. Bxf6 {[%emt 0:00:20]} gxf6 {[%emt 0:03:24]} 16. g3 {[%emt 0:00:37]} Nxf3+ {[%emt 0:00:11]} 17. Bxf3 {[%emt 0:00:06]} Be5 {[%emt 0:00:02]} 18. Rd3 {[%emt 0:11:20]} Rad8 {[%emt 0:04:26]} 19. Rad1 {[%emt 0:01:55]} Bc8 {[%emt 0:05:48]} 20. Qd2 {[%emt 0:20:34]} Rxd3 {[%emt 0:04:25]} 21. Qxd3 {[%emt 0:00:05]} Be6 {[%emt 0:00:42]} 22. a3 {[%emt 0:18:10]} Qb6 {[%emt 0:14:26]} 23. Kg2 {[%emt 0:01:43]} a5 {[%emt 0:00:19]} 24. Ne2 {[%emt 0:37:45]} Bxb2 {[%emt 0:17:51]} 25. Nf4 {[%emt 0:00:30]} Bc4 {[%emt 0:44:02]} 26. Qd2 {[%emt 0:00:30]} Be5 {[%emt 0:00:00]} 27. Nh5 {[%emt 0:00:00]} Qc7 {[%emt 0:00:00]} 28. Bg4 {[%emt 0:00:00]} f5 {[%emt 0:00:00]} 29. Qg5+ {[%emt 0:00:00]} Kh8 {[%emt 0:00:00]} 30. Qh6 {[%emt 0:00:00]} Rg8 {[%emt 0:00:00]} 31. Bxf5 {[%emt 0:00:00]} Rg6 {[%emt 0:00:00]} 32. Bxg6 {[%emt 0:00:00]} fxg6 {[%emt 0:00:00]} 33. Qf8+ {[%emt 0:00:00]} Bg8 {[%emt 0:00:00]} 34. Rd8 {[%emt 0:00:00]} Qxd8 {[%emt 0:00:00]} 35. Qxd8 {[%emt 0:00:00]} gxh5 {[%emt 0:00:00]} 36. Qxa5 {[%emt 0:00:00]} Bd4 {[%emt 0:00:00]} 37. f4 {[%emt 0:00:00]} 1-0

[Event "CHN-chW 2019"]
[Site "Xinghua"]
[Date "2019.05.13"]
[Round "3.12"]
[White "Zhai, Mo"]
[Black "Chu, Ruotong"]
[Result "0-1"]
[WhiteElo "2365"]
[BlackElo "2180"]
[Annotator "TA"]
[PlyCount "112"]
[EventDate "2019.05.11"]
[EventType "tourn"]
[EventCountry "CHN"]
[SourceTitle "playchess.com"]
[Source "ChessBase"]
[SourceQuality "1"]

{[%evp 10,112,7,-14,14,15,17,6,8,0,0,0,0,0,12,9,4,1,0,-6,32,33,25,0,0,0,0,0,8,18,17,0,0,-22,-22,-43,0,-23,0,0,0,0,0,-70,-9,-56,-61,-52,-21,-213,-212,-280,-304,-292,-266,-300,-293,-290,-268,-272,-270,-325,-301,-296,-295,-279,-286,-320,-323,-326,-332,-315,-318,-418,-401,-520,-323,-323,-316,-323,-323,-383,-375,-458,-357,-475,-474,-778,-479,-457,-446,-608,-587,-562,-543,-507,-497,-959,-938,-29987,-973,-747,-578,-29981,-29976]} 1. d4 d5 2. Nf3 Nf6 3. Bf4 Bf5 4. e3 e6 5. Nbd2 Bd6 6. Bg3 Ne4 {D02: 1 d4 d5 2 Nf3 sidelines, including 2...Nf6 3 g3 and 2...Nf6 3 Bf4} 7. Nxe4 Bxe4 8. Be2 (8. Nd2 Bg6 9. c4 dxc4 10. Bxc4 O-O 11. Qb3 b6 12. Bd3 Nd7 13. Bxg6 hxg6 14. Rc1 {1-0 (30) Aronian,L (2767)-Giri,A (2782) chess.com INT 2018}) 8... O-O {The position is equal.} 9. O-O Bxg3 10. hxg3 Nd7 11. c4 dxc4 12. Bxc4 c5 13. dxc5 $146 ({Predecessor:} 13. Rc1) 13... Nxc5 14. b4 Qxd1 (14... Nd7 {seems wilder.} 15. Qd4 Nf6 16. Qb2 Qe7 17. Ne5 Rfd8) 15. Rfxd1 Na4 16. Ng5 Bg6 17. Bb3 Nc3 18. Rd7 b6 19. Rc7 Nb5 20. Rd7 Nc3 21. Kf1 a5 22. bxa5 Rxa5 23. Nh3 Rfa8 24. Nf4 Ra3 $36 {[%mdl 2048] [#] Strongly threatening ...Rxb3! Black is pushing.} 25. Rc1 Nxa2 26. Rcd1 ({Better is} 26. Bxa2 $11 Rxa2 27. Rcc7) 26... Rf8 (26... Kf8 $15 27. Bxa2 Rxa2) 27. Nxe6 Rxb3 ({But not} 27... fxe6 $6 28. Bxe6+ Kh8 29. Rd8 $14) 28. Nxf8 Kxf8 29. R1d6 $2 {[#]} (29. Kg1 $11 {and White is okay.}) 29... Bf5 $1 $19 {[%cal Rf5d7]} 30. Ra7 {[%cal Rd6d8]} Rb1+ 31. Ke2 {[%cal Rd6d8]} Nc3+ 32. Kf3 {[%cal Rd6d8]} g5 33. g4 Be6 34. Rd8+ Kg7 35. Kg3 Ne4+ 36. Kf3 Nf6 37. Rd4 Rb2 38. Ra6 h5 39. gxh5 g4+ ({Much less strong is} 39... Nxh5 40. g4 $19) 40. Kg3 Nxh5+ 41. Kh4 Kg6 42. Re4 Rb1 {[%cal Rb1h1]} 43. Rxe6+ fxe6 44. Kxg4 {[%mdl 4096] Endgame KRN-KR} Nf6+ 45. Kf4 Nd7 46. Ra7 Rb4+ 47. Kg3 Nc5 48. f3 (48. Ra8 $142 b5 49. Ra5) 48... b5 {[%cal Bb6b5,Bb5b4,Bb4b3][%mdl 32]} 49. Ra5 Rb3 50. Kf4 Nd3+ 51. Ke4 Ne1 52. Ra2 Rc3 {aiming for ...Kf6.} 53. Kd4 (53. Ke5 $142 Rxe3+ 54. Kd4 Rd3+ 55. Ke5) 53... b4 54. e4 Nc2+ (54... Kf6 $142 55. Rf2 Nc2+ 56. Rxc2 Rxc2 57. g4 b3 58. g5+ Kg6 59. Ke5 b2 60. f4 b1=Q 61. f5+ Kxg5 62. Kxe6 Qb6+ 63. Kd5 Kf4 64. e5 Kxf5 65. e6 Qd8#) 55. Ke5 b3 56. Ra5 Rc4 {Accuracy: White = 42%, Black = 74%.} 0-1